عرض عادي
عرض مارك
- International Joint Conference on Autonomous Agents and Multiagent Systems (2nd : 2003 : Melbourne, Vic.)
مدخل إسم شخص
001 - رقم الضبط
- حقل الضبط: 7784
003 - معرف رقم الضبط
- حقل الضبط: OSt
005 - تاريخ ووقت أخر عملية
- حقل الضبط: 20111213095403.0
008 - عناصر بيانات ثابتة الطول
- حقل تحكم ثابت الطول: 111213|||a|||||| | ||| d
040 ## - مصدر الفهرسة
- هيئة الفهرسة الأصلية: OSt
- وكالة الكتابة: OSt
100 ## - مدخل -- أسم شخص
- إسم شخص: International Joint Conference on Autonomous Agents and Multiagent Systems (2nd : 2003 : Melbourne, Vic.)
- تواريخ مرتبطة بالاسم: 1962-2
670 ## - بيانات المصدر موجوده
- الاستشهاد بالمصدر: Work cat.: (OSt)3663: International Workshop on Computational Autonomy (1st 2003 Melbourne, Vic.)10 Ag 7778, Agents and computational autonomy , 2004.
